000 00626nam a2200241Ia 4500
003 OSt
005 20221005125344.0
006 a|||||r|||| 00| 0
007 ta
008 221004b |||||||| |||| 00| 0 rus d
024 _a53311
037 _cTextual
040 _aCRL
_cCRL
_brus
041 _2rus
_arus
082 _aO142,3NUP,1, 32K3
100 _aUpits Andre Au.
_9636558
245 0 _aParudeesayil ninnu veliyil
260 _c1963
650 _a RUSSIAN LITERATURE
650 _aRUSSIAN FICTION
942 _hO142,3NUP,1, 32K3
_cTEXL
_2cc
999 _c1053775
_d1053775